Statistics for Top 100 Baby Boy Names in Alabama for 1990

Click here to take the quiz!

General Stats

  • This quiz has been taken 50 times
  • The average score is 52 of 100

Answer Stats

Number Answer % Correct
4Michael
98%
8John
95%
5James
93%
6William
88%
16Daniel
85%
24Thomas
85%
7Matthew
85%
14Joseph
85%
9Robert
83%
11David
83%
1Christopher
80%
75George
80%
12Andrew
80%
22Steven
78%
78Edward
78%
74Alex
78%
32Stephen
78%
26Benjamin
76%
62Paul
76%
49Nathan
73%
19Charles
73%
33Richard
73%
35Adam
71%
59Mark
68%
38Brian
68%
73Bryan
68%
27Anthony
68%
15Jacob
68%
25Zachary
66%
21Nicholas
66%
37Kevin
66%
30Patrick
66%
44Samuel
63%
2Joshua
63%
28Eric
61%
20Timothy
61%
60Phillip
61%
41Jason
61%
50Alexander
61%
23Tyler
59%
17Jeremy
59%
47Gregory
59%
13Jonathan
56%
79Johnathan
56%
65Donald
56%
88Ronald
56%
52Jeffrey
56%
96Billy
56%
72Jonathon
56%
43Kyle
56%
29Ryan
56%
46Ethan
56%
93Bobby
54%
45Bradley
54%
92Christian
54%
3Justin
54%
10Brandon
51%
77Sean
51%
31Jordan
51%
95Shawn
51%
39Aaron
51%
83Gary
51%
87Nathaniel
49%
81Larry
44%
67Derek
44%
55Cameron
44%
90Keith
44%
61Derrick
41%
40Marcus
41%
84Logan
39%
51Taylor
39%
42Kenneth
39%
99Joel
37%
71Cory
34%
34Corey
34%
89Jerry
34%
18Cody
32%
48Caleb
32%
91Mitchell
29%
64Terry
27%
54Jesse
24%
97Curtis
24%
58Jared
24%
53Travis
24%
100Adrian
22%
85Willie
22%
82Chad
22%
76Hunter
22%
57Austin
20%
98Garrett
20%
56Wesley
17%
36Dustin
17%
94Ricky
17%
70Chase
15%
80Casey
12%
86Devin
12%
63Antonio
10%
68Blake
10%
66Darius
5%
69Jeffery
2%

Score Distribution

Percentile by Number Answered

Percent of People with Each Score

Your Score History

You have not taken this quiz